Normal view MARC view
  • GAUD, DR.R.S , RATHOD R.M , TOKE ,PROF P AND SHEDGE Dr. A.S

Entry Personal Name

Number of records used in: 1

001 - CONTROL NUMBER

  • control field: 8276

003 - CONTROL NUMBER IDENTIFIER

  • control field: JRU

005 - DATE AND TIME OF LATEST TRANSACTION

  • control field: 20240108110354.0

008 - FIXED-LENGTH DATA ELEMENTS

  • fixed length control field: 240108|| aca||aabn | a|a d

040 ## - CATALOGING SOURCE

  • Original cataloging agency: JRU
  • Transcribing agency: JRU

100 ## - HEADING--PERSONAL NAME

  • Personal name: GAUD, DR.R.S , RATHOD R.M , TOKE ,PROF P AND SHEDGE Dr. A.S

670 ## - SOURCE DATA FOUND

  • Source citation: Work cat.: (JRU)7889: GAUD, DR.R.S , RATHOD R.M , TOKE ,PROF P AND SHEDGE Dr. A.S, MODERN PATIENT COUNSELLING